Sports Quiz

Random Sports or Baseball Quiz

3B Most Games by Team (2000s) Quiz Stats

Quiz Updated Aug 22, 2016

Challenge
Share
Tweet
Embed
Score 0/90 Timer 10:00
1 Play Today
% Correct
Chipper Jones
90.1%
Alex Rodriguez
86.7%
Aramis Ramírez
73.1%
Aramis Ramirez
73.1%
David Wright
71.2%
Scott Rolen
69.4%
Scott Rolen
69.4%
Adrián Beltré
69.1%
Adrián Beltré
69.1%
Evan Longoria
66.4%
Eric Chavez
63.2%
Mike Lowell
62.1%
Mike Lowell
62.1%
Ryan Zimmerman
61.8%
Miguel Cabrera
57.7%
Troy Glaus
53.3%
Troy Glaus
53.3%
Cal Ripken Jr.
51.8%
Matt Williams
50.9%
Brandon Inge
45.7%
Melvin Mora
44.6%
Mark Reynolds
43.7%
Vinny Castilla
38.8%
Bill Mueller
38.5%
Joe Crede
37%
Bill Mueller
35.2%
Bill Mueller
35.2%
Plácido Polanco
32.7%
Ramón Vázquez
32.6%
David Bell
32.4%
% Correct
David Bell
32.4%
Troy Glaus
30.9%
Scott Brosius
30.8%
Robin Ventura
30.6%
Robin Ventura
30.6%
Chone Figgins
29.9%
Aaron Boone
29.6%
Aaron Boone
29.6%
Morgan Ensberg
29.6%
Hank Blalock
26%
Edwin Encarnación
25.8%
Alex Gordon
25%
José Bautista
24.6%
Jeff Cirillo
23.8%
Casey Blake
23.5%
Casey Blake
23.5%
Pedro Feliz
23.1%
Pedro Feliz
23.1%
Garret Atkins
22.4%
Travis Fryman
21.8%
Corey Koskie
18.1%
Michael Cuddyer
17.4%
Phil Nevin
17%
Bill Hall
15.6%
Tony Batista
15.6%
Tony Batista
15.6%
Joe Randa
15.2%
Aubrey Huff
14.9%
Shea Hillenbrand
14%
Mark DeRosa
13.4%
% Correct
Kevin Kouzmanoff
12.9%
Edgardo Alfonzo
12.3%
Adam Kennedy
11.7%
Ian Stewart
11.2%
Nick Punto
10.6%
Willie Greene
10.5%
Ty Wigginton
10.5%
Jeff Cirillo
10%
Mark Teahen
9.3%
Eric Hinske
8.5%
Mike Lamb
8.5%
Mike Lamb
8.5%
Tony Batista
8.2%
Chad Tracy
8.1%
Andy LaRoche
7.8%
Jorge Cantú
7.7%
Wes Helms
7.3%
Fernando Tatis
7.3%
Eric Munson
7.3%
Maicer Izturis
6.8%
Sean Burroughs
6.8%
Geoff Blum
6.5%
José Valentín
6%
Tyler Houston
5.7%
Juan Castro
3.7%
Jack Hannahan
3.3%
Jared Sandberg
3.2%
Herbert Perry
2.8%
Blake DeWitt
2.8%
Shane Halter
1.7%

You're not logged in!

Compare scores with friends on all Sporcle quizzes.
Join for Free
OR
Log In

You Might Also Like...

Show Comments

Extras

Top Quizzes Today


Score Distribution

Your Account Isn't Verified!

In order to create a playlist on Sporcle, you need to verify the email address you used during registration. Go to your Sporcle Settings to finish the process.

Report this User

Report this user for behavior that violates our Community Guidelines.

Details: